Loading...
| Science - Other | 0 | 3 | 0 | 1 | 30 | 67 | 103.33 | 0 | 1 | 3.08 | 9.29 |
| Literature - European | 0 | 2 | 0 | 0 | 20 | 98 | 114.00 | 0 | 0 | 2.10 | 5.21 |
| Mythology | 0 | 3 | 3 | 1 | 15 | 19 | 69.33 | 1 | 2 | 12.03 | 14.93 |
| Literature - World/Other | 0 | 1 | 0 | 0 | 10 | 128 | 128.00 | 0 | 0 | 0.87 | 4.17 |
| Fine Arts - Classical Music | 0 | 1 | 0 | 0 | 10 | 70 | 70.00 | 0 | 1 | 3.08 | 4.17 |
| Fine Arts - Visual | 0 | 1 | 0 | 1 | 10 | 124 | 124.00 | 0 | 0 | 0.00 | 1.19 |
| Literature - British | 0 | 1 | 0 | 0 | 10 | 64 | 64.00 | 1 | 1 | 4.50 | 8.33 |
| Science - Biology | 0 | 1 | 1 | 1 | 5 | 125 | 125.00 | 0 | 0 | 0.00 | 1.04 |
| Science - Physics | 0 | 1 | 1 | 0 | 5 | 62 | 62.00 | 0 | 1 | 3.88 | 6.25 |
| History - World | 0 | 0 | 0 | 0 | 0 | 0.00 | 0 | 0 | 0.00 | 0.00 | |
| History - Other | 0 | 0 | 1 | 0 | -5 | 0.00 | 0 | 0 | 0.00 | 0.00 |